[Event "Florianopolis op 9th"]
[Site "Florianopolis"]
[Date "2023.01.23"]
[Round "1"]
[White "Labussiere, Yago"]
[Black "Campagnolo, Bruna"]
[Result "1-0"]
[WhiteElo "2227"]
[BlackElo "1607"]
[PlyCount "53"]
[EventDate "2023.01.23"]
[EventType "swiss"]
[EventRounds "10"]
[EventCountry "BRA"]
[SourceTitle "CBM 212 Extra"]
[Source "ChessBase"]
[SourceDate "2023.03.31"]
[SourceVersion "1"]
[SourceVersionDate "2023.03.31"]
[SourceQuality "1"]

1. c4 e6 2. Nf3 Nf6 3. d4 d5 4. g3 Be7 5. Bg2 Nbd7 6. 0-0 0-0 7. Qc2 c6 8. Nbd2 Qc7 9. e4 dxe4 10. Nxe4 Nxe4 11. Qxe4 Nf6 12. Qe2 c5 13. Bf4 Bd6 14. Bxd6 Qxd6 15. Rfd1 cxd4 16. Rxd4 Qc7 17. Rad1 Bd7 18. Qe5 Rac8 19. Qxc7 Rxc7 20. Ne5 Bc8 21. b4 b6 22. Rd8 Bb7 23. Bxb7 Rxb7 24. Nc6 Ne8 25. Ra8 Nf6 26. Rdd8 Nd7 27. Ne7+ 1-0

[Event "Rio Negrinho Froebel op"]
[Site "Rio Negrinho"]
[Date "2021.07.11"]
[Round "6"]
[White "Campagnolo, Bruna"]
[Black "Gomes, Lorenzo Bevervanco"]
[Result "1-0"]
[WhiteElo "1289"]
[BlackElo "1416"]
[PlyCount "31"]
[EventDate "2021.07.09"]
[EventType "swiss"]
[EventRounds "6"]
[EventCountry "BRA"]
[SourceTitle "EXT 2022"]
[Source "ChessBase"]
[SourceDate "2021.10.06"]
[SourceVersion "1"]
[SourceVersionDate "2021.10.06"]
[SourceQuality "1"]

1. e4 e5 2. Nf3 Nc6 3. d4 exd4 4. Nxd4 Bc5 5. Be3 Nge7 6. Nxc6 Nxc6 7. Bxc5 d6 8. Be3 0-0 9. Bb5 Bd7 10. 0-0 Kh8 11. Nc3 a6 12. Bxc6 Bxc6 13. Qg4 Qd7 14. Qg5 Qc8 15. Bd4 f6 16. Qg3 1-0

[Event "BRA-ch U16 Girls"]
[Site "Florianopolis"]
[Date "2021.07.03"]
[Round "4"]
[White "Campagnolo, Bruna"]
[Black "Bokhonok, Tatiana dos Santos"]
[Result "0-1"]
[WhiteElo "1289"]
[BlackElo "1251"]
[PlyCount "96"]
[EventDate "2021.07.01"]
[EventType "swiss"]
[EventRounds "6"]
[EventCountry "BRA"]
[SourceTitle "CBM 203 Extra"]
[Source "ChessBase"]
[SourceDate "2021.09.30"]
[SourceVersion "1"]
[SourceVersionDate "2021.09.30"]
[SourceQuality "1"]

1. e4 e6 2. d3 d5 3. Nd2 c5 4. g3 Nc6 5. Bg2 Nf6 6. Ngf3 d4 7. 0-0 e5 8. Re1 b5 9. Nf1 Be7 10. c3 Bg4 11. h3 Bh5 12. g4 Bg6 13. Nh4 Nd7 14. Nf5 Bxf5 15. exf5 Rc8 16. Ng3 Bg5 17. Ne4 Bxc1 18. Nd6+ Kf8 19. Rxc1 Rc7 20. Nxb5 Rc8 21. cxd4 Nxd4 22. Nxd4 cxd4 23. Rxc8 Qxc8 24. Qc1 Ke7 25. Qg5+ Kf8 26. Rc1 Qe8 27. Bc6 f6 28. Bxd7 Qxd7 29. Qd2 h5 30. Qb4+ Kg8 31. Qc4+ Kh7 32. Qe6 Qxe6 33. fxe6 Re8 34. Rc6 hxg4 35. hxg4 Kg6 36. Kg2 Re7 37. Kf3 f5 38. a3 Kg5 39. gxf5 Kxf5 40. Rd6 g5 41. Kg3 Rxe6 42. Rxe6 Kxe6 43. Kf3 Kd5 44. Ke2 e4 45. Kd2 Ke5 46. f3 exf3 47. Ke1 Kf4 48. Kf2 g4 0-1

[Event "Timbo op"]
[Site "Timbo"]
[Date "2021.06.13"]
[Round "6"]
[White "Voltolini, Gustavo Henrique"]
[Black "Campagnolo, Bruna"]
[Result "1/2-1/2"]
[WhiteElo "1609"]
[BlackElo "1270"]
[PlyCount "107"]
[EventDate "2021.06.11"]
[EventType "swiss"]
[EventRounds "6"]
[EventCountry "BRA"]
[SourceTitle "EXT 2022"]
[Source "ChessBase"]
[SourceDate "2021.10.06"]
[SourceVersion "1"]
[SourceVersionDate "2021.10.06"]
[SourceQuality "1"]

1. e4 c5 2. d4 cxd4 3. c3 d5 4. Bb5+ Nc6 5. Qxd4 e6 6. Nf3 a6 7. Bxc6+ bxc6 8. 0-0 c5 9. Qd3 g6 10. Bg5 f6 11. Be3 Bb7 12. exd5 exd5 13. Re1 Kf7 14. Nbd2 c4 15. Qe2 Bd6 16. Bd4 Qe7 17. b3 Qxe2 18. Rxe2 cxb3 19. axb3 Ne7 20. Rae1 Rhd8 21. Re6 Be5 22. Nxe5+ Kxe6 23. Nc6+ Kd7 24. Nxd8 Rxd8 25. Bxf6 Re8 26. Nf3 Nc6 27. Rxe8 Kxe8 28. Kf1 Kf7 29. Bg5 Ke6 30. Ke2 Kf5 31. Bh6 a5 32. Ng5 Ne5 33. Nxh7 Ng4 34. Be3 Ba6+ 35. Kd2 Nxh2 36. Bb6 Ng4 37. Ke1 Ne5 38. Bxa5 Nd3+ 39. Kd2 Nxf2 40. Ke3 Ng4+ 41. Kd4 Bb7 42. g3 Ne5 43. Bc7 Nf3+ 44. Ke3 Nh2 45. Bf4 Ng4+ 46. Kd4 Nf6 47. Nxf6 Kxf6 48. c4 dxc4 49. bxc4 Ke6 50. Kc5 Kd7 51. Kb6 Bc6 52. c5 Ba4 53. g4 Bc6 54. g5 1/2-1/2